[Event "POHÁR města Říčany 2021"]
[Site "Městské kulturní středisko U labutě"]
[Date "2021.08.28"]
[Round "9.19"]
[White "Rucabado, Stefan"]
[Black "Strnad, Michael"]
[Result "1-0"]
[WhiteElo "1549"]
[BlackElo "1868"]
[PlyCount "0"]
[EventDate "2021.08.21"]

1. e4 c5 2. Nf3 g6 3. d4 cxd4 4. Qxd4 Nf6 5. e5 Nc6 6. Qa4 Nd5 7. Qe4 Nb6
8. Nc3 Bg7 9. Bf4 O-O 10. O-O-O a6 11. h4 e6 12. h5 f5 13. Qe3 Ne7 14. Bg5 Re8
15. Rd6 Nbd5 16. Nxd5 exd5 17. Qd4 Qa5 18. Bxe7 Qxa2 19. hxg6 h6 20. Bc4 Qa1+
21. Kd2 Qxh1 22. Rxd7 1-0

[Event "POHÁR města Říčany 2021"]
[Site "Městské kulturní středisko U labutě"]
[Date "2021.08.28"]
[Round "9.20"]
[White "Pavlicek, Petr"]
[Black "Konvalinka, Vladislav"]
[Result "1-0"]
[WhiteElo "1863"]
[BlackElo "1718"]
[PlyCount "0"]
[EventDate "2021.08.21"]

1. c4 e5 2. Nc3 d6 3. g3 Nc6 4. Bg2 f5 5. d3 Nf6 6. e4 fxe4 7. Nxe4 Nd4 8. h3
Be7 9. Ne2 Nxe2 10. Qxe2 O-O 11. O-O Bf5 12. Kh2 Qd7 13. Nxf6+ Bxf6 14. Bxb7
Bxh3 15. Bxa8 Bxf1 16. Bd5+ 1-0

[Event "POHÁR města Říčany 2021"]
[Site "Městské kulturní středisko U labutě"]
[Date "2021.08.28"]
[Round "9.21"]
[White "Voracek, Zdenek"]
[Black "Holub, Adam"]
[Result "1/2-1/2"]
[WhiteElo "1935"]
[BlackElo "1754"]
[PlyCount "0"]
[EventDate "2021.08.21"]

1. d4 d5 2. c4 c6 3. Nf3 Nf6 4. Nc3 e6 5. e3 Bd6 6. b3 O-O 7. Be2 Re8 8. O-O
Nbd7 9. Bb2 Nf8 10. Qc2 b6 11. e4 dxe4 12. Nxe4 Nxe4 13. Qxe4 Bb7 14. Rad1 Qc7
15. Qg4 Ng6 16. g3 e5 17. dxe5 Nxe5 18. Nxe5 Bxe5 19. Bxe5 Qxe5 20. Bf3 Rad8
21. Qe4 Qxe4 22. Bxe4 Kf8 23. Bf3 g6 24. b4 Rb8 25. Rd6 c5 26. Bxb7 Rxb7
27. bxc5 1/2-1/2

[Event "POHÁR města Říčany 2021"]
[Site "Městské kulturní středisko U labutě"]
[Date "2021.08.28"]
[Round "9.22"]
[White "Seidl, Jan"]
[Black "Danhel, Lukas"]
[Result "1-0"]
[WhiteElo "1768"]
[BlackElo "1902"]
[PlyCount "0"]
[EventDate "2021.08.21"]

1. d4 Nf6 2. c4 c5 3. d5 e6 4. Nc3 exd5 5. Nxd5 Nxd5 6. Qxd5 Be7 7. e4 O-O
8. Nf3 Nc6 9. Be2 d6 10. O-O Be6 11. Qd2 Bf6 12. Rb1 Qe7 13. Re1 Bg4 14. b3 Bxf3
15. Bxf3 Nd4 16. Qd3 Be5 17. Bb2 Rae8 18. Bxd4 Bxd4 19. Re2 Qe5 20. Rbe1 Re6
21. g3 h5 22. Kg2 Rh6 23. h4 g5 24. hxg5 Qxg5 25. Rh1 h4 26. Qd2 Qf6 27. Bg4 Be5
28. Bf5 Kg7 29. f4 Bd4 30. g4 h3+ 31. Kf3 Rh4 32. Reh2 Qh6 33. g5 Qh5+ 34. Kg3
f6 35. g6 Rxf4 36. Kxf4 Qh4+ 37. Kf3 Qh5+ 38. Bg4 Qe5 39. Rxh3 f5 40. Qh6+ 1-0

[Event "POHÁR města Říčany 2021"]
[Site "Městské kulturní středisko U labutě"]
[Date "2021.08.28"]
[Round "9.23"]
[White "Pejrimovsky, Tadeas Rubel"]
[Black "Svetly, Jiri"]
[Result "0-1"]
[WhiteElo "1532"]
[BlackElo "1852"]
[PlyCount "0"]
[EventDate "2021.08.21"]

1. e4 d6 2. d4 Nf6 3. Nc3 g6 4. g3 Bg7 5. Bg2 O-O 6. Nge2 e5 7. O-O c6 8. a4 a5
9. h3 Na6 10. Be3 Qc7 11. f4 exd4 12. Bxd4 Be6 13. g4 Rad8 14. f5 Bc4 15. b3
Bxe2 16. Nxe2 c5 17. Bb2 g5 18. Qd2 h6 19. Rab1 Nb4 20. Nc3 d5 21. exd5 Nfxd5
22. Nxd5 Nxd5 23. Bxg7 Nf6 24. Qc3 Kxg7 25. Rbd1 Qb6 26. Kh1 Rd4 27. Rxd4 cxd4
28. Qf3 Rc8 29. Rf2 Rc7 30. Rd2 Rc3 31. Qf2 Re3 32. Rd3 Ne4 33. Bxe4 Rxe4 34. c3
Qe6 35. cxd4 Re1+ 36. Kh2 0-1

[Event "POHÁR města Říčany 2021"]
[Site "Městské kulturní středisko U labutě"]
[Date "2021.08.28"]
[Round "9.24"]
[White "Hrbek, Tomas"]
[Black "Mach, Jan"]
[Result "1-0"]
[WhiteElo "1833"]
[BlackElo "1742"]
[PlyCount "0"]
[EventDate "2021.08.21"]

1. d4 Nf6 2. c4 c5 3. d5 b5 4. Qc2 bxc4 5. e4 d6 6. Bxc4 g6 7. f4 Bb7 8. Nc3
Bg7 9. Nf3 O-O 10. O-O Nbd7 11. a4 Nb6 12. Ba2 Re8 13. h3 Kh8 14. a5 Rc8 15. Ng5
Kg8 16. e5 dxe5 17. fxe5 Nfxd5 18. Qb3 Nxc3 19. Qxf7+ Kh8 20. Qg8+ 1-0

[Event "POHÁR města Říčany 2021"]
[Site "Městské kulturní středisko U labutě"]
[Date "2021.08.28"]
[Round "9.25"]
[White "Nentvich, Libor"]
[Black "Pisar, Tomas"]
[Result "1-0"]
[WhiteElo "1771"]
[BlackElo "1528"]
[PlyCount "0"]
[EventDate "2021.08.21"]

1. e4 e5 2. Nf3 Nc6 3. d4 exd4 4. Nxd4 Nf6 5. Nxc6 bxc6 6. e5 Nd5 7. c4 Nb6
8. Bd3 Be7 9. O-O O-O 10. Nc3 d6 11. Bf4 Be6 12. b3 Qd7 13. Re1 Rad8 14. Qc2 g6
15. Rad1 d5 16. cxd5 cxd5 17. Nb5 c6 18. Nd4 c5 19. Bb5 Qc8 20. Nc6 Rd7
21. Nxe7+ Rxe7 22. Bg5 Rc7 23. Bf6 h6 24. h4 c4 25. Qd2 Kh7 26. bxc4 Nxc4
27. Qf4 a6 28. Ba4 Nb2 29. Rd4 Rc4 30. Rxc4 dxc4 31. Bc2 Nd3 32. Bxd3 cxd3
33. Rd1 Qc2 34. Qd2 Bc4 35. Kf1 Rb8 36. Ke1 Rb2 37. e6 Qxd2+ 38. Rxd2 Rb1+
39. Rd1 Rb6 40. e7 Re6+ 41. Kd2 Bb5 42. Bd4 Re2+ 43. Kc3 Rc2+ 44. Kb3 Re2
45. Bc5 a5 46. a4 Ba6 47. Be3 1-0

[Event "POHÁR města Říčany 2021"]
[Site "Městské kulturní středisko U labutě"]
[Date "2021.08.28"]
[Round "9.26"]
[White "Petras, Milan"]
[Black "Kacirek, Pavel"]
[Result "1/2-1/2"]
[WhiteElo "1938"]
[BlackElo "1718"]
[PlyCount "0"]
[EventDate "2021.08.21"]

1. b4 d5 2. Bb2 Bf5 3. Nf3 e6 4. a3 Nf6 5. d3 c5 6. b5 Qa5+ 7. Nbd2 Qxb5 8. Rb1
Qd7 9. Bxf6 gxf6 10. c4 dxc4 11. Nxc4 b5 12. Ne3 Bg6 13. g4 a6 1/2-1/2

[Event "POHÁR města Říčany 2021"]
[Site "Městské kulturní středisko U labutě"]
[Date "2021.08.28"]
[Round "9.28"]
[White "Blazek, Miroslav"]
[Black "Vit, Zdenek"]
[Result "1-0"]
[WhiteElo "1801"]
[BlackElo "1726"]
[PlyCount "0"]
[EventDate "2021.08.21"]

1. c4 e5 2. Nc3 Nf6 3. g3 d5 4. cxd5 Nxd5 5. Bg2 Nb6 6. Nf3 Nc6 7. O-O Be7
8. b3 O-O 9. Bb2 f5 10. d3 Bf6 11. Nd2 Rb8 12. Nc4 Nxc4 13. bxc4 Bd7 14. Nd5 Bg5
15. h4 Bh6 16. f4 exf4 17. Nxf4 Ne7 18. Ba3 Re8 19. Rb1 b6 20. d4 Nc6 21. Qd3 g6
22. Rbe1 Bg7 23. e3 a5 24. Qd2 b5 25. Bxc6 Bxc6 26. d5 bxc4 27. Qxa5 Rb5 28. Qa6
Rb6 29. Qxc4 Bb5 30. Qc5 Bf8 31. Qc3 Bxa3 32. Qxa3 Bxf1 33. Kxf1 Qe7 34. Qc3 Qe5
35. Qc4 Kg7 36. Re2 Re7 37. Kf2 h6 38. Ne6+ Kf6 39. Nf4 Rb2 40. Qc6+ Kf7
41. Qxg6+ Kf8 42. Qxh6+ Ke8 43. Qc6+ Kd8 44. Ne6+ Kc8 45. Qa8+ Kd7 46. Nf8+ Kd6
47. Qc6# 1-0

[Event "POHÁR města Říčany 2021"]
[Site "Městské kulturní středisko U labutě"]
[Date "2021.08.28"]
[Round "9.29"]
[White "Cabart, Pavel"]
[Black "Pressler, Tobias"]
[Result "1/2-1/2"]
[WhiteElo "1700"]
[BlackElo "1772"]
[PlyCount "0"]
[EventDate "2021.08.21"]

1. e4 c5 2. Nf3 Nc6 3. d4 cxd4 4. Nxd4 g6 5. Nc3 Bg7 6. Be3 Nf6 7. Bc4 Qa5
8. O-O O-O 9. h3 Qb6 10. Bb3 d6 11. a3 Qa5 12. Qd3 Bd7 13. Rad1 Rac8 14. f4 Rfd8
15. Qe2 Nh5 16. Qf3 Nxd4 17. Bxd4 Bxd4+ 18. Rxd4 Qb6 19. Qf2 Nf6 20. e5 dxe5
21. fxe5 Nh5 22. Kh2 Be6 23. Rxd8+ Rxd8 24. Qxb6 axb6 25. Bxe6 fxe6 26. Rd1 Rxd1
27. Nxd1 Kf7 28. g4 Nf4 29. Kg3 g5 30. a4 Ke8 31. Nc3 h6 32. h4 Kf7 33. hxg5
hxg5 34. Kf3 Nd5 35. Nb5 Nb4 36. Nd4 Nd5 37. Ke4 Nf4 38. c4 Ke8 39. Nf3 Nh3
40. Kd4 Kd7 41. c5 Kc6 42. cxb6 Kxb6 43. b4 Kc6 44. b5+ Kb6 45. Kc4 Nf2 46. Kb4
Nd3+ 47. Kc3 Nf2 48. Nxg5 Nxg4 49. Nf3 Kc5 50. Kd3 b6 51. Kc3 Nf2 52. Ng5 Kd5
53. Nf7 Kc5 1/2-1/2

[Event "POHÁR města Říčany 2021"]
[Site "Městské kulturní středisko U labutě"]
[Date "2021.08.28"]
[Round "9.30"]
[White "Kalvach, Ladislav"]
[Black "Jankovsky, Zbynek"]
[Result "1-0"]
[WhiteElo "1771"]
[BlackElo "1564"]
[PlyCount "0"]
[EventDate "2021.08.21"]

1. Nf3 c5 2. c4 g6 3. Nc3 Bg7 4. e4 Nc6 5. d3 e6 6. Be3 Nd4 7. Be2 d6 8. O-O
Ne7 9. Nd2 O-O 10. f4 f5 11. Nf3 Nec6 12. Qd2 a6 13. Rab1 Rb8 14. a3 Re8 15. b4
b5 16. cxb5 axb5 17. Rfc1 Qe7 18. bxc5 dxc5 19. e5 Rd8 20. a4 Ba6 21. axb5 Bxb5
22. Nxb5 Rxb5 23. Rxb5 Nxb5 24. Bxc5 Qe8 25. d4 Nba7 26. Ra1 Qd7 27. Qa2 Nc8
28. Bc4 Kh8 29. Bxe6 Qc7 30. Ng5 Bf8 31. Nf7+ Kg7 32. Nxd8 Bxc5 33. Nxc6 Qxc6
34. dxc5 Qxc5+ 35. Kh1 1-0

[Event "POHÁR města Říčany 2021"]
[Site "Městské kulturní středisko U labutě"]
[Date "2021.08.28"]
[Round "9.31"]
[White "Chon, Jeremy"]
[Black "Kubice, Jakub"]
[Result "0-1"]
[WhiteElo "1454"]
[BlackElo "1776"]
[PlyCount "0"]
[EventDate "2021.08.21"]

1. Nf3 d5 2. d4 Nf6 3. e3 g6 4. Bd3 Bg4 5. h3 Bxf3 6. Qxf3 Bg7 7. c4 c6 8. Nc3
O-O 9. O-O e6 10. b3 Nbd7 11. Bb2 Qa5 12. cxd5 exd5 13. a3 Qb6 14. b4 a5 15. Na4
Qc7 16. b5 Ne8 17. bxc6 bxc6 18. Rac1 Qb7 19. Qe2 Nd6 20. Nc5 Nxc5 21. Rxc5 Rfb8
22. Ba1 Bf8 23. Rc2 a4 24. Rb2 Qc7 25. Rfb1 Nb7 26. Ba6 Na5 27. Rxb8 Rxb8
28. Rxb8 Qxb8 29. Qb2 Qb3 30. Qxb3 axb3 31. Bb2 Nc4 32. Bxc4 dxc4 33. a4 Bb4
34. Kf1 c3 0-1

[Event "POHÁR města Říčany 2021"]
[Site "Městské kulturní středisko U labutě"]
[Date "2021.08.28"]
[Round "9.32"]
[White "Tichy, Tomas"]
[Black "Vorackova, Jarmila"]
[Result "1/2-1/2"]
[WhiteElo "1513"]
[BlackElo "1802"]
[PlyCount "0"]
[EventDate "2021.08.21"]

1. e4 c6 2. d4 d5 3. Nc3 dxe4 4. Nxe4 Bf5 5. Ng3 Bg6 6. N1e2 e6 7. h4 h6 8. Nf4
Bh7 9. Bd3 Bxd3 10. Qxd3 Nf6 11. Bd2 Nbd7 12. O-O-O Be7 13. Ngh5 Nxh5 14. Nxh5
Rg8 15. Qg3 g5 16. f4 Qc7 17. Qg4 O-O-O 18. hxg5 Nf8 19. Be3 Qa5 20. Kb1 hxg5
21. fxg5 Nh7 22. Qf3 Qf5 23. Qxf5 exf5 24. Ng3 Nxg5 25. Nxf5 Rd7 26. d5 a6
27. dxc6 bxc6 28. Rxd7 Kxd7 29. Rd1+ Ke8 30. Nxe7 Kxe7 31. Bc5+ Ke6 32. Rd6+ Ke5
33. Rd3 Ne4 34. Bd4+ Ke6 35. Re3 Kd5 36. Rd3 1/2-1/2

[Event "POHÁR města Říčany 2021"]
[Site "Městské kulturní středisko U labutě"]
[Date "2021.08.28"]
[Round "9.33"]
[White "Hampel, Rudolf"]
[Black "Chmelik, Ladislav"]
[Result "0-1"]
[WhiteElo "1593"]
[BlackElo "1732"]
[PlyCount "0"]
[EventDate "2021.08.21"]

1. e4 d6 2. d4 g6 3. Nc3 Bg7 4. Be3 Nf6 5. Bd3 O-O 6. Qd2 Re8 7. f3 Nbd7 8. g4
h5 9. O-O-O e5 10. Bg5 hxg4 11. fxg4 exd4 12. Nd5 c6 13. Nxf6+ Bxf6 14. Bxf6
Nxf6 15. g5 Nxe4 16. Bxe4 Rxe4 17. Nf3 Bg4 18. Rdf1 c5 19. h4 Bh5 20. Nh2 Qd7
21. b3 Rae8 22. Kb2 Qe6 23. Qd3 Be2 24. Qh3 d3 25. Kc1 d2+ 26. Kxd2 Qd5+ 27. Kc1
0-1